[Event "8th ch-Euro"]
[Site "Dresden GER"]
[Date "2007.04.07"]
[Round "5"]
[White "Zysk,R"]
[Black "Sejkora,V"]
[Result "1-0"]
[WhiteElo "2483"]
[BlackElo "2213"]

1.d4 g6 2.e4 Bg7 3.Nc3 d6 4.Nf3 Nf6 5.h3 c6 6.Be3 a5 7.Bd3 Na6 8.a3 O-O 9.Qd2 b5
10.O-O b4 11.axb4 Nxb4 12.Be2 Qc7 13.Rfc1 Rd8 14.Bh6 Bh8 15.Ng5 Bg7 16.Bxg7 Kxg7
17.Ra3 h6 18.Nf3 d5 19.e5 Ne4 20.Qe3 Be6 21.Na4 Rdb8 22.c3 Na6 23.Bxa6 Rxa6
24.Nd2 Ng5 25.f4 Nh7 26.Nc5 Rab6 27.b3 Rb5 28.Na6 Qa7 29.Nxb8 Qxb8 30.Raa1 Qb6
31.c4 dxc4 32.bxc4 Rb4 33.Qc3 g5 34.fxg5 Nxg5 35.h4 Nh7 36.Rxa5 Nf8 37.Ra6  1-0

[Event "Kaupthing IM"]
[Site "Reykjavik ISL"]
[Date "2007.04.07"]
[Round "6"]
[White "Bjornsson,Si"]
[Black "McNab,C"]
[Result "1/2-1/2"]
[WhiteElo "2329"]
[BlackElo "2418"]

1.e4 g6 2.d4 d6 3.Nc3 Bg7 4.Be3 Nf6 5.Qd2 c6 6.Bd3 Ng4 7.Nf3 Nxe3 8.Qxe3 O-O
9.O-O Bg4 10.Nd2 Qb6 11.Nb3 a5 12.Qg5 Bd7 13.Qxe7 a4 14.Nc1 Qxd4 15.N1e2 Qc5
16.a3 b5 17.Qh4 Be6 18.Kh1 Nd7 19.f4 f5 20.Ng3 Rae8 21.Rae1 Bf6 22.Qh6 Bg7
23.Qh4 Bf6 24.Qh6 Bg7  1/2-1/2

[Event "8th ch-Euro"]
[Site "Dresden GER"]
[Date "2007.04.08"]
[Round "6"]
[White "Sowray,P"]
[Black "Zysk,R"]
[Result "1-0"]
[WhiteElo "2325"]
[BlackElo "2483"]

1.e4 g6 2.d4 Bg7 3.Nc3 d6 4.f4 a6 5.Nf3 Nd7 6.Be3 e6 7.Bd3 Ne7 8.O-O c5 9.f5 cxd4
10.Nxd4 e5 11.Nde2 gxf5 12.exf5 d5 13.Ng3 e4 14.Be2 Nf6 15.Qd2 h5 16.Rad1 Bd7
17.Bd4 h4 18.Qg5 Rh7 19.Nh5 Nxh5 20.Bxh5 Bxd4+ 21.Rxd4 Qb6 22.Qxe7+  1-0

[Event "8th ch-Euro"]
[Site "Dresden GER"]
[Date "2007.04.08"]
[Round "6"]
[White "Asauskas,H"]
[Black "Manca,F"]
[Result "1-0"]
[WhiteElo "2264"]
[BlackElo "2417"]

1.e4 g6 2.d4 Bg7 3.Nc3 d6 4.Be3 a6 5.Nf3 Nf6 6.h3 O-O 7.e5 Ne8 8.Bc4 b5 9.Bb3 Nc6
10.h4 dxe5 11.Bd5 Bb7 12.dxe5 b4 13.Na4 e6 14.Be4 f5 15.exf6 Nxf6 16.Bd3 Nd5
17.Nc5 Nxe3 18.fxe3 Bc8 19.Be4 Qe8 20.h5 Rf5 21.Bxf5 gxf5 22.Qd3 Bxb2 23.Rd1 Qe7
24.Qc4 Bc3+ 25.Kf2 Ne5 26.Nxe5 Bxe5 27.g4 Bd6 28.Rhg1 Bxc5 29.gxf5+ Kf8 30.Qg4 Bxe3+
31.Ke2 Bxg1 32.f6 Qxf6 33.Rf1 Qxf1+ 34.Kxf1 Rb8 35.Kxg1 c5  1-0

[Event "8th ch-Euro"]
[Site "Dresden GER"]
[Date "2007.04.08"]
[Round "6"]
[White "Bakalarz,M"]
[Black "Janda,Z"]
[Result "1/2-1/2"]
[WhiteElo "2378"]
[BlackElo "2180"]

1.e4 g6 2.d4 d6 3.Nc3 Bg7 4.Bc4 Nf6 5.Nf3 O-O 6.e5 dxe5 7.Nxe5 Nbd7 8.O-O c6
9.a4 a5 10.Qe2 Nxe5 11.dxe5 Nd5 12.Rd1 Be6 13.Nxd5 cxd5 14.Bf4 Qb6 15.Bb5 d4
16.Rd2 Rfd8 17.Rad1 Rac8 18.h4 h5 19.Kh2 Kh7 20.f3 Bh6 21.Bxh6 Kxh6 22.c3 Bb3
23.Re1 dxc3 24.Rxd8 Rxd8 25.bxc3 Kg7 26.c4 Qd4 27.Qe4 Bc2 28.Qxd4 Rxd4 29.Kg3 Rd2
30.c5 Rd4 31.Ra1 f5 32.exf6+ exf6 33.Ra3 f5 34.f4 Be4 35.Be2 Kf6 36.Bf3 Ke6
37.Bxe4 fxe4 38.Kf2 Kd5 39.Rg3 Rxa4 40.Rxg6 Kd4 41.c6 Ra2+ 42.Kg3 Ra3+ 43.Kh2 bxc6
44.Rxc6 Ra1 45.Rd6+ Kc3 46.Kg3 Rf1 47.Rc6+ Kd3  1/2-1/2

[Event "8th ch-Euro"]
[Site "Dresden GER"]
[Date "2007.04.08"]
[Round "6"]
[White "Khenkin,I"]
[Black "Hillarp Persson,T"]
[Result "1/2-1/2"]
[WhiteElo "2611"]
[BlackElo "2557"]

1.d4 g6 2.e4 Bg7 3.Nc3 d6 4.f4 Nf6 5.Nf3 c5 6.Bb5+ Bd7 7.e5 Ng4 8.Bxd7+ Qxd7
9.d5 dxe5 10.h3 e4 11.Nxe4 Nf6 12.Ne5 Qa4 13.Nc3 Qa6 14.Nd3 Nbd7 15.O-O O-O
16.Be3 b5 17.a3 Qd6 18.Nxb5 Qxd5 19.Nxc5 Nxc5 20.Qxd5 Nxd5 21.Bxc5 Rfc8 22.Bxa7 Bxb2
23.Ra2 Rxc2 24.Kh2 Rac8 25.Rf2 Rxf2 26.Bxf2 Bf6 27.g3 h5 28.a4 h4 29.gxh4 Nb4
30.Ra3 Rc2 31.Kg1 Bb2 32.Rb3 Nc6 33.Na3 Rc1+ 34.Kg2 Bf6 35.Rb6 Rc3 36.Nb1 Rc2
37.Ra6 Nb4 38.Ra8+ Kh7 39.Rd8 Rb2 40.Nd2 e6 41.Rd7 Nd5 42.Ne4 Bxh4 43.Rxf7+ Kg8
44.Ra7 Bxf2 45.Nxf2 Nxf4+ 46.Kf3 Nd5 47.a5 Ra2 48.Nd3 Ra3 49.Ke4 Nc3+ 50.Ke5 Nb5
51.Rd7  1/2-1/2

[Event "8th ch-Euro"]
[Site "Dresden GER"]
[Date "2007.04.08"]
[Round "6"]
[White "Glantz,R"]
[Black "Berg,K"]
[Result "0-1"]
[WhiteElo "1991"]
[BlackElo "2406"]

1.e4 g6 2.d4 Bg7 3.Nc3 d6 4.Be3 a6 5.h4 h5 6.Qd2 Nd7 7.Nh3 b5 8.f3 Bb7 9.O-O-O Rc8
10.Kb1 c5 11.Ng5 cxd4 12.Bxd4 Ngf6 13.Bd3 O-O 14.Rhg1 Ne5 15.b3 Nc6 16.Bxf6 exf6
17.Nh3 f5 18.Ne2 Qf6 19.c3 b4 20.Rc1 bxc3 21.Rxc3 Nb4 22.Rgc1 Nxd3 23.Qxd3 fxe4
24.fxe4 Qxh4 25.Rc4 Rxc4 26.Rxc4 Rc8 27.Rxc8+ Bxc8 28.Nhf4 Qf6 29.Qc3 Bb7
30.Qxf6 Bxe4+  0-1

[Event "Kaupthing IM"]
[Site "Reykjavik ISL"]
[Date "2007.04.08"]
[Round "8"]
[White "Sigfusson,S"]
[Black "McNab,C"]
[Result "1/2-1/2"]
[WhiteElo "2330"]
[BlackElo "2418"]

1.e4 g6 2.d4 d6 3.Nc3 Bg7 4.Be3 Nf6 5.Qd2 c6 6.f3 Nbd7 7.O-O-O Qa5 8.Kb1 b5
9.g4 Nb6 10.Nd5 Qxd2 11.Nxf6+ Bxf6 12.Rxd2 Nc4 13.Bxc4 bxc4 14.Ne2 h5 15.g5 Bg7
16.h4 O-O 17.Nc3 Rb8 18.Rf1 f5 19.gxf6 Bxf6 20.Rg1 Kh7 21.Rdg2 Rg8 22.e5 dxe5
23.Ne4 Bf5 24.Nxf6+ exf6 25.dxe5 fxe5 26.Bxa7 Rb7 27.Bc5 Rd8 28.Kc1 Rd5 29.Bf8 c5
30.Rd2 Rxd2 31.Kxd2 Rxb2 32.Rc1 Rxa2 33.Bxc5 Kg7 34.Kc3 Kf6 35.Kxc4 Bxc2
36.Kc3 Bf5 37.Be3 Ke6 38.Kb3 Rh2 39.Bg5 Rf2 40.Rc3 Bb1 41.Kb4 Kd6 42.Re3 Bc2
43.Bf6 e4 44.fxe4 Bxe4 45.Bg5 Kd5 46.Re1 Rb2+ 47.Kc3 Rc2+ 48.Kb3 Rg2 49.Bd8 Ke5
50.Kc3 Rc2+ 51.Kb4 Kf5 52.Bg5 Bf3 53.Re3 Bb7 54.Re7 Bd5 55.Re1 Kg4 56.Re5 Ba2
57.Re4+ Kf3 58.Re3+ Kf2 59.Rc3 Re2 60.Kc5 Bb1 61.Kd6 Bf5  1/2-1/2

[Event "ch-Catalonia"]
[Site "Barcelona ESP"]
[Date "2007.04.09"]
[Round "9"]
[White "Esquivel,L"]
[Black "Margalef Kriesten,J"]
[Result "0-1"]
[WhiteElo "2167"]
[BlackElo "1979"]

1.e4 g6 2.d4 Bg7 3.Nc3 d6 4.f4 a6 5.a4 b6 6.Nf3 Bb7 7.Bc4 e6 8.Qe2 Ne7 9.h4 h5
10.d5 exd5 11.Nxd5 Nxd5 12.Bxd5 Bxd5 13.exd5+ Qe7 14.Be3 Bxb2 15.O-O Bxa1
16.Rxa1 O-O 17.Qd2 c5 18.f5 Qf6 19.Rf1 Qxf5 20.Bh6 Nd7 21.Qc3 Qf6 22.Qd2 Ne5
23.Ng5 Qe7 24.Ne4 f5 25.Bg5 Qc7 26.Ng3 Qg7 27.Bh6 Qe7 28.Bg5 Qg7 29.Ne2 Nf7
30.Be3 Rfe8 31.Nf4 Re4 32.Ne6 Qf6 33.Nf4 Rae8 34.Rf3 Kh7 35.Bf2 Ne5 36.Rb3 Nc4
37.Qc1 Qe5 38.Nd3 Qxd5 39.g3 Qc6 40.Nf4 d5 41.Nh3 d4 42.Qb1 Kg7 43.Ng5 Re2
44.Qa2 Re1+ 45.Bxe1 Rxe1+ 46.Kf2 Qh1  0-1

[Event "8th ch-Euro"]
[Site "Dresden GER"]
[Date "2007.04.09"]
[Round "7"]
[White "Fink,L"]
[Black "Lorscheid,G"]
[Result "1/2-1/2"]
[WhiteElo "2054"]
[BlackElo "2302"]

1.d4 d6 2.e4 g6 3.Nc3 Bg7 4.Nf3 Nf6 5.Be2 O-O 6.O-O c6 7.a4 Nbd7 8.Re1 e5
9.Bf1 Re8 10.a5 exd4 11.Nxd4 Qc7 12.h4 Nc5 13.f3 Bd7 14.b4 Ne6 15.Nxe6 Rxe6
16.Bb2 Rae8 17.Qd2 d5  1/2-1/2

[Event "8th ch-Euro"]
[Site "Dresden GER"]
[Date "2007.04.09"]
[Round "7"]
[White "Slobodjan,R"]
[Black "Azmaiparashvili,Z"]
[Result "1-0"]
[WhiteElo "2525"]
[BlackElo "2632"]

1.e4 d6 2.d4 g6 3.Nc3 Bg7 4.Be3 a6 5.f4 b5 6.Nf3 b4 7.Ne2 Bb7 8.Ng3 h5 9.f5 h4
10.fxg6 fxg6 11.Ne2 e5 12.dxe5 Bxe5 13.Qd2 Nc6 14.Ned4 Nxd4 15.Bxd4 Bxd4
16.Qxd4 Qf6 17.Qxb4 O-O-O 18.O-O-O Qf4+ 19.Kb1 Nf6 20.Qa3 h3 21.Bxa6 hxg2
22.Bxb7+ Kxb7 23.Rhg1 Rh3 24.Qb3+  1-0

[Event "18th Pobeskydi Chance Cup"]
[Site "Frydek Mistek CZE"]
[Date "2007.04.09"]
[Round "9"]
[White "Pecha,T"]
[Black "Daniel,Ji"]
[Result "1-0"]
[WhiteElo "2120"]
[BlackElo "2055"]

1.e4 g6 2.d4 Bg7 3.Nc3 d6 4.g3 c5 5.Nge2 cxd4 6.Nxd4 Nc6 7.Be3 Bd7 8.Bg2 Qa5
9.O-O Nxd4 10.Bxd4 Bxd4 11.Qxd4 Qe5 12.Qb4 Bc6 13.Nd5 Rc8 14.f4 Qe6 15.Qd4 Nf6
16.f5 Qe5 17.Qxe5 dxe5 18.Nxf6+ exf6 19.fxg6 hxg6 20.Rxf6 Ke7 21.Raf1 Be8
22.R6f2 Rd8 23.Bf3 Rd6 24.Be2 Rd2 25.Bc4 Rxf2 26.Rxf2 f6 27.Bd5 Bf7 28.Bxf7 Kxf7
29.Rd2 Ke6 30.c4 Rc8 31.b3 Ke7 32.Kf2 Ke6 33.Kf3 Ke7 34.h4 Ke6 35.g4 Rh8
36.Kg3 Ke7 37.c5 Rc8 38.b4 a5 39.a3 axb4 40.axb4 Ra8 41.Rd3 Ra1 42.Rd6 Ra3+
43.Kf2 Rh3 44.Rb6 Rxh4 45.Rxb7+ Ke6 46.Kg3 Rh1 47.c6 Rc1 48.b5 Rc4 49.c7  1-0

[Event "8th ch-Euro"]
[Site "Dresden GER"]
[Date "2007.04.11"]
[Round "8"]
[White "Kanep,M"]
[Black "Minasian,Art"]
[Result "0-1"]
[WhiteElo "2508"]
[BlackElo "2586"]

1.d4 g6 2.e4 Bg7 3.Nc3 d6 4.Be3 a6 5.Qd2 b5 6.h4 h5 7.g3 Bb7 8.Bh3 c5 9.Bg5 Nd7
10.dxc5 Nxc5 11.O-O-O Rc8 12.Kb1 Qa5 13.Nd5 Qxd2 14.Rxd2 Nf6 15.f3 Nxd5 16.exd5 Na4
17.c3 O-O 18.Ne2 Rxc3 19.bxc3 Nxc3+ 20.Kc2 Rc8 21.Kb3 Nxe2 22.Be3 Rc3+ 23.Kb4 Rxe3  0-1

[Event "8th ch-Euro"]
[Site "Dresden GER"]
[Date "2007.04.12"]
[Round "9"]
[White "Armbrust,F"]
[Black "Williams,Si1"]
[Result "1-0"]
[WhiteElo "2255"]
[BlackElo "2487"]

1.e4 g6 2.d4 Bg7 3.Nc3 d6 4.Be3 a6 5.f4 b5 6.Bd3 Nd7 7.e5 Bb7 8.Be4 Bxe4
9.Nxe4 Nb6 10.Nf3 e6 11.Qe2 Ne7 12.O-O-O Qd7 13.g4 O-O-O 14.Kb1 Qc6 15.Bc1 Ned5
16.h4 a5 17.h5 a4 18.Nfg5 Qd7 19.hxg6 hxg6 20.Rxh8 Bxh8 21.Rh1 a3 22.b3 dxe5
23.dxe5 f5 24.exf6 Bxf6 25.Nxf6 Nc3+ 26.Ka1 Nxe2 27.Nxd7 Rxd7 28.Nxe6 Nxc1
29.Rh8+ Kb7 30.Nc5+ Kc6 31.Nxd7 Kxd7 32.Rh2 Nd5 33.Rd2 Kc6 34.f5 gxf5 35.gxf5 b4
36.Rf2 Kd7 37.f6 Ke8 38.Kb1 Nc3+ 39.Kxc1 Kf7 40.Rf5 Nxa2+ 41.Kb1 Nc3+ 42.Ka1 c6
43.Rc5 Nd5 44.Rxc6 Nxf6 45.c3  1-0

[Event "8th ch-Euro"]
[Site "Dresden GER"]
[Date "2007.04.12"]
[Round "9"]
[White "Szabo,Kr1"]
[Black "Narciso Dublan,M"]
[Result "0-1"]
[WhiteElo "2438"]
[BlackElo "2539"]

1.e4 g6 2.d4 Bg7 3.Nc3 d6 4.f4 Nf6 5.Nf3 O-O 6.Bd3 Nc6 7.O-O e5 8.dxe5 dxe5
9.f5 Nb4 10.fxg6 hxg6 11.Bg5 Qd6 12.Qe2 Nh5 13.Rad1 Nf4 14.Bxf4 exf4 15.e5 Qc5+
16.Kh1 Bg4 17.Ne4 Qxe5 18.Nxe5 Bxe2 19.Bxe2 Bxe5 20.c3 Nc2 21.Rd7 Ne3 22.Rf3 Rad8
23.Rxd8 Rxd8 24.g3 g5 25.gxf4 gxf4 26.Kg1 f5 27.Nc5 Rd2 28.Bf1 Nxf1 29.Rxf1 b6
30.Nb3 Rxb2 31.Rf2 Bxc3 32.Rxb2 Bxb2 33.Kf2 Kf7 34.Kf3 c5 35.Nd2 b5  0-1

[Event "8th ch-Euro"]
[Site "Dresden GER"]
[Date "2007.04.14"]
[Round "11"]
[White "Stefansson,H"]
[Black "Siebrecht,S"]
[Result "1/2-1/2"]
[WhiteElo "2576"]
[BlackElo "2464"]

1.e4 g6 2.d4 Bg7 3.Nc3 d6 4.Be3 a6 5.Qd2 Nd7 6.h3 b5 7.Nf3 Bb7 8.Bd3 c5 9.d5 Qc7
10.a3 Ngf6 11.Bh6 O-O 12.O-O c4 13.Bxg7 Kxg7 14.Be2 Nc5 15.Qd4 Rfe8 16.Nd2 e6
17.g4 h6 18.f4 e5 19.fxe5 Rxe5 20.Rf4 Nh7 21.Bf1 Kg8 22.Bg2 Rae8 23.Re1 R5e7
24.a4 b4 25.Ne2 a5 26.Ra1 Ba6 27.Ng3 Nd7 28.Ngf1 Rc8 29.Ne3 c3 30.bxc3 Qxc3
31.Nb3 Ne5 32.Qxc3 Rxc3 33.Re1 Nd3 34.cxd3 Rxb3 35.Nc4 Bxc4 36.dxc4 Rc3 37.e5 Rxe5
38.Rxe5 dxe5 39.d6 Nf8 40.Rf1 Rxc4 41.Bd5 Rf4 42.Re1 Rd4 43.Rxe5 Nd7 44.Re7 Rxd5
45.Rxd7 b3 46.Kf2 b2 47.Rb7 Rxd6 48.Rxb2 Rd4 49.Ra2 Rd3 50.Kg2 Kg7 51.Rf2 Rd4
52.Ra2 g5 53.Ra3 Kg6 54.Kg3 h5 55.Kf3 Rb4 56.Kg3 f6 57.Kf3 f5 58.gxf5+ Kxf5
59.Kg3 Ke4 60.h4 g4 61.Rc3 Kd4 62.Rc8 Rb3+ 63.Kg2 Rh3 64.Ra8 Rxh4 65.Rxa5 Rh3
66.Rb5 Ke4 67.a5 Kf4 68.Rb4+ Kg5 69.Ra4 Rc3 70.a6 Rc2+ 71.Kg1 Rc1+ 72.Kg2 Rc2+
73.Kg1 Rc1+ 74.Kg2  1/2-1/2

[Event "8th ch-Euro"]
[Site "Dresden GER"]
[Date "2007.04.14"]
[Round "11"]
[White "Frolyanov,D"]
[Black "Azmaiparashvili,Z"]
[Result "1-0"]
[WhiteElo "2525"]
[BlackElo "2632"]

1.e4 d6 2.d4 g6 3.Nc3 Bg7 4.Bg5 a6 5.Nf3 b5 6.Bd3 Nd7 7.a4 b4 8.Ne2 c5 9.c3 Qa5
10.O-O Bb7 11.Bd2 bxc3 12.Bxc3 Qd8 13.dxc5 Bxc3 14.Nxc3 Nxc5 15.Bc4 Nf6 16.Qd4 O-O
17.e5 dxe5 18.Qxc5 Bxf3 19.gxf3 Rc8 20.Qb4 Qd4 21.Qxe7 Kg7 22.Ba2 Qf4 23.Nd5 Nxd5
24.Bxd5 Rc2 25.Rae1  1-0

[Event "8th ch-Euro"]
[Site "Dresden GER"]
[Date "2007.04.14"]
[Round "11"]
[White "Orlov,And"]
[Black "Hillarp Persson,T"]
[Result "1/2-1/2"]
[WhiteElo "2447"]
[BlackElo "2552"]

1.e4 g6 2.d4 Bg7 3.Nc3 d6 4.f4 Nf6 5.Nf3 c5 6.e5 Nfd7 7.Bb5 O-O 8.Bxd7 Bxd7
9.d5 Bg4 10.h3 Bxf3 11.Qxf3 dxe5 12.f5 e6 13.fxe6 fxe6 14.Qe4 exd5 15.Nxd5 Nc6
16.c3 Ne7 17.Nxe7+ Qxe7 18.Be3 Rad8 19.Ke2 Qe6 20.Rhd1 Qa6+ 21.c4 b6 22.Rxd8 Rxd8
23.Rd1 Rxd1 24.Kxd1 Qa4+ 25.b3 Qd7+ 26.Ke2 Bf6 27.g4 Kf7 28.Qf3 Ke7 29.Qe4 Kf7
30.Qf3 Ke7 31.Qe4 Ke6 32.Qc2 Bd8 33.a4 Kf7  1/2-1/2

[Event "8th ch-Euro"]
[Site "Dresden GER"]
[Date "2007.04.14"]
[Round "11"]
[White "Guliev,L"]
[Black "Jorczik,J"]
[Result "0-1"]
[WhiteElo "2466"]
[BlackElo "2316"]

1.e4 g6 2.d4 Bg7 3.Nc3 d6 4.f4 Nd7 5.Nf3 a6 6.a4 b6 7.Bc4 e6 8.O-O Ne7 9.f5 gxf5
10.Ng5 Nf8 11.exf5 Nxf5 12.Rxf5 exf5 13.Bxf7+ Kd7 14.d5 Qf6 15.Be3 h6 16.Be6+ Ke7
17.Bxc8 hxg5 18.Qe2 Qe5 19.Bxg5+ Kf7 20.Qxe5 Bxe5 21.Bxf5 Bxh2+ 22.Kf2 Be5
23.Kf3 Ng6 24.Ke4 Kg7 25.Bg4 Rae8 26.Kd3 Bxc3 27.Kxc3 Re5 28.Bd2 Rxd5 29.Bf3 Rc5+
30.Kb3 Rh4 31.Be1 Rh1 32.Rd1 Kf7 33.Bf2 Rxd1 34.Bxc5 Rh1 35.Be3 Ne5 36.Bd5+ Ke7
37.Kc3 c6 38.Be4 d5 39.Bf5 c5 40.Bg5+ Kd6 41.Bf4 d4+ 42.Kd2 Kd5 43.b3 c4
44.Bc8 c3+ 45.Ke2 d3+ 46.cxd3 c2 47.Bb7+ Nc6  0-1

[Event "Open"]
[Site "Metz FRA"]
[Date "2007.04.14"]
[Round "1"]
[White "Kalinitschew,S"]
[Black "Basinski,R"]
[Result "1-0"]
[WhiteElo "2488"]
[BlackElo "1901"]

1.d4 g6 2.e4 d6 3.Nc3 Bg7 4.Be3 c6 5.Qd2 Qa5 6.Nf3 Nd7 7.h3 b5 8.Bd3 Bb7
9.O-O a6 10.a4 Qc7 11.axb5 cxb5 12.Nd5 Qd8 13.Qa5 Qxa5 14.Rxa5 Rc8 15.Nb4 Ngf6
16.Nxa6 O-O 17.Nd2 Bxa6 18.Rxa6 Rb8 19.Rfa1 Rfc8 20.Nb3 Bf8 21.Na5 Kg7 22.Nc6 Rb7
23.d5 Nc5 24.Ra7 Rcc7 25.Ra8 Ncd7 26.f3 Nb6 27.Rd8 Nc4 28.Bxc4 bxc4 29.Rxf8  1-0

[Event "Open"]
[Site "Metz FRA"]
[Date "2007.04.20"]
[Round "7"]
[White "Sikula,V"]
[Black "Haub,TM"]
[Result "1-0"]
[WhiteElo "2536"]
[BlackElo "2468"]

1.e4 g6 2.d4 Bg7 3.Nc3 d6 4.Be3 a6 5.f4 e6 6.Nf3 Ne7 7.Bd3 b5 8.e5 Bb7 9.a4 b4
10.Ne4 Nd7 11.O-O O-O 12.a5 Qb8 13.Qe2 Bc6 14.c3 Qb7 15.Bd2 d5 16.Nf2 bxc3
17.bxc3 Bb5 18.g4 c5 19.Nh4 cxd4 20.cxd4 Nc6 21.Nf3 f6 22.exf6 Rxf6 23.Rab1 Bxd3
24.Qxd3 Qa7 25.Rfc1 Rc8 26.Qe2 Kh8 27.Kg2 Rb8 28.Rxb8+ Ndxb8 29.Nd3 Rf8 30.Nc5 Nd8
31.Nxe6 Re8 32.f5 gxf5 33.gxf5 Qf7 34.Rc8 Nbc6 35.Nfg5 Qxf5 36.Qh5 Qg6 37.Qxg6 hxg6
38.Nxd8 Nxd8 39.Rxd8  1-0

[Event "Open"]
[Site "Metz FRA"]
[Date "2007.04.21"]
[Round "8"]
[White "Kasparova,T"]
[Black "Haub,TM"]
[Result "1/2-1/2"]
[WhiteElo "2218"]
[BlackElo "2468"]

1.e4 g6 2.d4 Bg7 3.Nc3 d6 4.g3 b6 5.Bg2 e6 6.Nge2 Ne7 7.Be3 Nd7 8.Qd2 h6
9.O-O Bb7 10.a4 a6 11.Rad1 Nf6 12.h3 d5 13.f3 Kf8 14.g4 Kg8 15.Ng3 Nd7 16.Qf2 Rb8
17.Nce2 c5 18.c3 Bc6 19.Ra1 e5 20.Rfd1 c4 21.f4 exf4 22.Bxf4 Rc8 23.e5 Nf8
24.Rf1 a5 25.Be3 Qe8 26.Nf4 Ne6 27.Qc2 Kh7 28.Nfh5 Rc7 29.Nf6+ Bxf6 30.Rxf6 Kg7
31.Rff1 Rf8 32.Qd2 Ng8 33.Qc2  1/2-1/2

[Event "TCh-ITA"]
[Site "Palermo ITA"]
[Date "2007.04.21"]
[Round "4"]
[White "Fontaine,R"]
[Black "Ronchetti,N"]
[Result "1-0"]
[WhiteElo "2567"]
[BlackElo "2410"]

1.e4 g6 2.d4 Bg7 3.Nc3 d6 4.g3 Nd7 5.Bg2 c5 6.Nge2 Rb8 7.O-O b6 8.a4 cxd4
9.Nxd4 Bb7 10.Nd5 a6 11.Be3 Ngf6 12.Nxf6+ Nxf6 13.e5 dxe5 14.Nc6 Qxd1 15.Rfxd1 Rc8
16.Na7 Rb8 17.Nc6 Bxc6 18.Bxc6+ Kf8 19.b4  1-0

[Event "9th Open"]
[Site "Dubai UAE"]
[Date "2007.04.22"]
[Round "1"]
[White "Nadig,K"]
[Black "Petrosian,TL"]
[Result "0-1"]
[WhiteElo "2207"]
[BlackElo "2580"]

1.e4 d6 2.d4 g6 3.Nc3 Bg7 4.Be3 a6 5.Qd2 b5 6.a4 b4 7.Na2 a5 8.c3 Nf6 9.f3 bxc3
10.bxc3 O-O 11.Be2 Nbd7 12.Bh6 e5 13.Bxg7 Kxg7 14.Nh3 Nb6 15.O-O Bxh3 16.gxh3 Nh5
17.Nc1 Nf4 18.Kh1 Qh4 19.Nd3 Nc4 20.Qe1 Qxe1 21.Rfxe1 Nxe2 22.Rxe2 Rab8 23.f4 f6
24.Rc1 Rfe8 25.fxe5 fxe5 26.Kg2 Rb3 27.d5 Ra3 28.Nb2 Ra2 29.Rcc2 Nxb2 30.Rxb2 Rxa4
31.Rb7 Rc4 32.Ra7 Rxc3 33.Rxa5 Rf8 34.Ra7 Rf4 35.Rb2 Rxe4 36.Rb6 Re2+ 37.Kf1 Rxh2  0-1

[Event "15th Sigeman & Co"]
[Site "Malmo SWE"]
[Date "2007.04.22"]
[Round "5"]
[White "Kotronias,V"]
[Black "Hillarp Persson,T"]
[Result "1/2-1/2"]
[WhiteElo "2570"]
[BlackElo "2552"]

1.e4 g6 2.d4 Bg7 3.Nc3 d6 4.f4 Nf6 5.Nf3 c5 6.Bb5+ Bd7 7.e5 Ng4 8.Bxd7+ Qxd7
9.d5 dxe5 10.h3 e4 11.hxg4 exf3 12.Qxf3 Na6 13.Bd2 O-O-O 14.O-O-O Nc7 15.Be1 f5
16.gxf5 Qxf5 17.g4 Qf7 18.f5 h5 19.Rf1 gxf5 20.gxf5 h4 21.Bf2 b6 22.Qg4 Bxc3
23.bxc3 Qf6 24.c4 Ne8 25.Be3 Rd7 26.Kb1 Nd6 27.Rd3 h3 28.Bg5 Rg8 29.Rg3 Qd4
30.Rf4 h2 31.Rxd4 h1=Q+ 32.Rd1 Qe4 33.Qxe4 Nxe4 34.Re3 Nd6 35.Bf4 Nxf5 36.Re4 Rg4
37.Rde1 Rd8 38.Be5 Rdg8 39.Kb2 Kd7 40.Kb3 Rxe4 41.Rxe4 Rg1 42.c3 a6 43.a4 Rg2
44.Rf4 Nd6 45.Bxd6 exd6 46.Rf7+ Kc8 47.a5 bxa5 48.Ra7 a4+ 49.Kxa4 Ra2+ 50.Kb3 Ra1
51.Kc2 a5 52.Kb3 Kd8 53.Rh7 Kc8 54.Ra7 Kd8 55.Kc2 Kc8 56.Kd3 a4 57.Kc2 Ra2+
58.Kb1 Rh2 59.Rxa4 Kb7 60.Ra2 Rxa2 61.Kxa2 Kb6 62.Kb2 Kb7 63.Kc2 Kc7 64.Kc1 Kc8
65.Kd1 Kd8 66.Kd2 Kd7 67.Kd3 Kd8 68.Ke4 Ke8 69.Kf4 Kf8 70.Kg5 Kg7 71.Kf5  1/2-1/2

[Event "VI It"]
[Site "Sao Jose do Rio Preto ARG"]
[Date "2007.04.22"]
[Round "4"]
[White "Stamenkovic,Dr"]
[Black "Crosa Coll,M"]
[Result "1/2-1/2"]
[WhiteElo "2423"]
[BlackElo "2403"]

1.e4 d6 2.d4 g6 3.Nc3 Bg7 4.f4 a6 5.Nf3 b5 6.a3 Bb7 7.Be3 Nd7 8.Bd3 Ngf6
9.e5 Nd5 10.Nxd5 Bxd5 11.O-O e6 12.Qe2 Qb8 13.b3 Qb7 14.Rae1 Be4 15.Bxe4 Qxe4  1/2-1/2

[Event "9th Open"]
[Site "Dubai UAE"]
[Date "2007.04.23"]
[Round "2"]
[White "Petrosian,TL"]
[Black "Gurieli,N"]
[Result "1-0"]
[WhiteElo "2580"]
[BlackElo "2339"]

1.e4 g6 2.d4 Bg7 3.Nc3 d6 4.f4 Nf6 5.Nf3 O-O 6.e5 dxe5 7.fxe5 Nd5 8.Bc4 Be6
9.Qe2 c5 10.Nxd5 Bxd5 11.Bxd5 Qxd5 12.c4 Qd7 13.d5 e6 14.d6 Nc6 15.h4 f6
16.h5 fxe5 17.hxg6 hxg6 18.Qe4 Nd4 19.Qxg6 Rf5 20.Ng5 Nc2+ 21.Kd1 Nxa1 22.Rh8+  1-0

[Event "9th Open"]
[Site "Dubai UAE"]
[Date "2007.04.23"]
[Round "2"]
[White "Kulicov,O"]
[Black "Gelashvili,T"]
[Result "0-1"]
[WhiteElo "2403"]
[BlackElo "2605"]

1.e4 d6 2.d4 g6 3.Nc3 Bg7 4.f4 a6 5.Nf3 b5 6.Bd3 Bb7 7.O-O Nd7 8.e5 c5 9.exd6 cxd4
10.Ne2 Qb6 11.dxe7 Nxe7 12.f5 O-O 13.Nf4 Nc5 14.fxg6 fxg6 15.Bd2 Nxd3 16.Nxd3 Nd5
17.Re1 Ne3 18.Bxe3 dxe3 19.Qe2 Rae8 20.Rf1 Rf5 21.a3 a5 22.Kh1 Bd5 23.Rae1 Rc8
24.h3 Bc4 25.Rb1 b4 26.axb4 axb4 27.b3 Bb5 28.Nh2 Rxf1+ 29.Nxf1 Re8 30.Nh2 Qd4
31.Rf1 Bxd3 32.cxd3 Qb2 33.Re1 Qxb3 34.Ng4 Qe6 35.Rf1 b3  0-1

[Event "Icaro Open"]
[Site "Mexico City MEX"]
[Date "2007.04.27"]
[Round "1"]
[White "Dominguez Aguilar,G"]
[Black "Furio Vidal,P"]
[Result "1-0"]
[WhiteElo "2387"]
[BlackElo "2144"]

1.e4 g6 2.d4 Bg7 3.Nc3 d6 4.h4 Nf6 5.Be2 h6 6.Be3 a6 7.Qd2 b5 8.f3 Nbd7 9.g4 h5
10.g5 Nh7 11.f4 Bb7 12.d5 c6 13.Bd4 Bxd4 14.Qxd4 O-O 15.Nf3 Qb6 16.a3 Qxd4
17.Nxd4 cxd5 18.exd5 Nb6 19.Bf3 Rfc8 20.O-O-O Rc5 21.Rhe1 Re8 22.Rd3 Nf8
23.f5 Nc4 24.fxg6 Nxg6 25.Bxh5 Nxh4 26.Rh3 Ng6 27.Bxg6 fxg6 28.Ne6  1-0

[Event "XX Open"]
[Site "Benidorm ESP"]
[Date "2007.04.29"]
[Round "8"]
[White "Vehi Bach,V"]
[Black "Chatalbashev,B"]
[Result "0-1"]
[WhiteElo "2377"]
[BlackElo "2546"]

1.e4 g6 2.d4 Bg7 3.Nc3 d6 4.Be3 a6 5.f4 b5 6.Nf3 Bb7 7.Bd3 Nd7 8.Qe2 c5 9.dxc5 b4
10.Nd1 dxc5 11.e5 Nh6 12.O-O O-O 13.Ng5 Qb6 14.a3 a5 15.axb4 axb4 16.Rxa8 Rxa8
17.Bc4 e6 18.Nf2 Nf5 19.Rd1 Qc6 20.Nge4 Nxe3 21.Qxe3 Nb6 22.Bf1 Nd5 23.Qd2 c4
24.Nd6 c3 25.bxc3 bxc3 26.Qd4 Ra4 27.Bc4 Nxf4  0-1

[Event "I Open Casino"]
[Site "Lugano SUI"]
[Date "2007.04.29"]
[Round "2"]
[White "Piazza,C"]
[Black "Cherniaev,A1"]
[Result "0-1"]
[WhiteElo "2129"]
[BlackElo "2487"]

1.e4 g6 2.d4 Bg7 3.Nc3 d6 4.Be3 a6 5.Qd2 Nd7 6.f4 b5 7.Nf3 Bb7 8.a3 e6 9.Bd3 Ne7
10.O-O Nb6 11.Ne2 Nc4 12.Bxc4 bxc4 13.Nc3 Qd7 14.Qe2 a5 15.a4 O-O 16.Rf2 f5
17.e5 Nd5 18.Bd2 Nb6 19.Qe1 Bc6 20.b3 Rfb8 21.Ne2 cxb3 22.cxb3 Nd5 23.Qd1 Nb4
24.Rf1 Be4 25.Bxb4 Rxb4 26.Rc1 Rab8 27.Rc3 Bd5 28.Nc1 Bh6 29.g3 Bf8 30.Qc2 R4b7
31.h4 h6 32.Kh2 Kh7 33.Rf2 Be7 34.Rf1 Kg7 35.Rf2 g5 36.Qd1 Rg8 37.Kg1 gxf4
38.gxf4 Kh7+ 39.Rg2 Rxg2+ 40.Kxg2 dxe5 41.dxe5 Rb8 42.Kh3 Rg8 43.Ne2 Bb4
44.Rd3 Qg7 45.Qf1 Qg4+ 46.Kh2 Be4 47.Ng5+ hxg5 48.Rg3 Qh5 49.fxg5 Bd2 50.Nf4 Bxf4
51.Qxf4 Kg6 52.Kh3 Qd1 53.Rc3 Qh1+ 54.Qh2 Qf1+ 55.Kg3 f4+  0-1

[Event "XX Open"]
[Site "Benidorm ESP"]
[Date "2007.04.30"]
[Round "9"]
[White "Lopez Martinez,J"]
[Black "Narciso Dublan,M"]
[Result "1/2-1/2"]
[WhiteElo "2563"]
[BlackElo "2539"]

1.e4 g6 2.d4 Bg7 3.Nc3 d6 4.Be3 c6 5.Nf3 Nd7 6.Bd3 Ngf6 7.O-O O-O 8.a4 e5
9.h3 b6 10.Qd2 a6 11.dxe5 dxe5 12.Ne2 Qe7 13.Ng3 Bb7 14.Rfe1 Rad8 15.Qc3 a5
16.Qb3 Rb8 17.Nd2 Bc8 18.Qc3 c5 19.Bb5 Bb7 20.Rad1 Rfd8 21.f3 Ne8 22.Nc4 Ba8
23.Qb3 Nf8 24.c3 Ne6 25.Rxd8 Qxd8 26.Rd1 Qh4 27.Bf2 Qg5 28.Bxe8 Rxe8 29.Nxb6 Rb8
30.Qb5 Qe7 31.Qa6 Qb7 32.Qxb7 Bxb7 33.Nc4 Ba6 34.Nxa5 Rxb2 35.Rd6 Bc8 36.Nc4 Rb1+
37.Kh2 Bf8 38.Rb6 Rxb6 39.Nxb6 Ba6 40.Kg1 c4 41.Be3 Ba3 42.Ne2 f6 43.Nd5 Kf7
44.Nb4 Bb7 45.Kf2 Ke7 46.Bc1 Bxc1 47.Nxc1 Kd6 48.Nc2 Nc5 49.Ne3 Nxa4 50.Nxc4+ Kc5
51.Ne3 h5 52.Nd3+ Kd6 53.c4 Ba6 54.Nb4 Bc8 55.h4 Nb2 56.Nbd5 f5 57.exf5 gxf5
58.Nf6 f4 59.Nf1 Nxc4 60.Nxh5 Ke6 61.Nh2 Nd6 62.g4 fxg3+ 63.Nxg3 Ba6 64.Ne4 Nf5
65.Nc5+ Kd5 66.Nxa6 Nxh4 67.Ke3 Nxf3 68.Nxf3 e4 69.Nd4 Kc4 70.Nc7 Kc3 71.Ne2+ Kc4
72.Ne6 Kd5 73.N6f4+ Kc4 74.Kd2 e3+ 75.Kc2 Kb4 76.Kd3 Kc5 77.Ke4 Kc4 78.Ne6 Kb3
79.Kd5 Kc2 80.Kc4 Kd2 81.N6f4 Ke1 82.Kd3 Kf2 83.Nh5 Kf3 84.Nf6 Kf2 85.Ng8 Kf3
86.Nh6 Kf2 87.Nf5 Kf3 88.Nfd4+ Kf2 89.Ke4 Ke1 90.Nc3 e2 91.Kf3 Kd2 92.Ncxe2  1/2-1/2

[Event "TCh-RUS HL"]
[Site "Sochi RUS"]
[Date "2007.05.05"]
[Round "3"]
[White "Krapivin,A"]
[Black "Belov,Ig1"]
[Result "1/2-1/2"]
[WhiteElo "2486"]
[BlackElo "2439"]

1.e4 d6 2.d4 g6 3.Nc3 Bg7 4.f4 Nf6 5.Nf3 c5 6.dxc5 Qa5 7.Bd3 Qxc5 8.Qe2 Bg4
9.Be3 Qa5 10.O-O Nc6 11.h3 Bxf3 12.Qxf3 O-O 13.Ne2 Nd7 14.c3 Nde5 15.fxe5 Nxe5
16.Qg3 Nxd3 17.Bg5 Qa6 18.Bxe7 Rfe8 19.Bf6 Bxf6 20.Rxf6 Nc5 21.Qxd6 Qxd6
22.Rxd6 Rxe4 23.Nd4 Rae8 24.Rf1 R8e7  1/2-1/2